00354nam a2200157Ia 4500001000500000005001700005008004100022041000800063082001500071100003000086245004800116260000900164300000700173650000800180654000800188100320260306140600.0260306t2005||||xx |||||||||||||| ||spa|| aESP a179.9bB26 aBasso Domingo, F. P.eAUT 0aLa fuente del equilibrio moral y jurídico c2005 ac aGEN aCHU